00989nam a2200229 a 450000100100000000500170001000800410002704000250006808200200009310000480011324501140016126000640027530000280033965000270036765000310039470000760042570000770050191000370057804900090061595201180062499900170074200001194820240412074229.0091102s1954 dr a 000 0 spa d aDO-SdBNPbspacBNPHU aRD862.44bG216z1 aGarcía Rodríguez, José María92822610aZombí ; Las aflicciones estériles ; Ya viene el general Campuzano /cJosé María García Rodríguez. aCiudad Trujillo, República Dominicana :bMontalvo,c1954. a155 p. :bil. ;c24 cm. 0aTeatro dominicano9637 0aLiteratura dominicana.96712aGarcía Rodríguez, José MariatLas aflicciones estériles.92822712aGarcía Rodríguez, José MariatYa viene el general Campuzano928228 aValidado. Control de calidad MFF aBNPD 0010718PDaPDbPDcHDd2009-11-02iLF1l0oRD862.44 G216zp11948-10r2020-06-25w2020-06-25yLFPDZNo se presta c11618d11618